| 000 | 00999cam a22002054a 4500 | ||
|---|---|---|---|
| 005 | 20250605164134.0 | ||
| 008 | 250528s ||||||||||||||||||||||||d | ||
| 035 | _a18706 | ||
| 020 | _a422786209 | ||
| 040 |
_aGR-AtMCL _bgre _dGR-AtMCL _eAACR2 |
||
| 245 | 1 | _aGrief Counselling and Grief Therapy | |
| 250 | _a1st | ||
| 260 |
_bTavistock Publications, _c1983 |
||
| 300 | _a146 | ||
| 520 | _aAn invaluable guide for all those whose work brings them into contact with bereaved people. Foreword, Preface, Introduction, Attachment and Loss and the Tasks of Mourning, Moral Grief Reactions: Uncomplicated Mourning, Grief Counselling: Facilitating Uncomplicated Grief, Abnormal Grief Reactions: Complicated Mourning, Grief Therapy: Resolving Pathological Grief, Grieving Special Types of Losses, Grief and Family Systems, The Counsellor's Own Grief, Training for Grief Counselling, Bibliography, Index. | ||
| 700 | 1 |
_aWorden William J _94542 |
|
| 942 | _cBK | ||
| 999 |
_c4032 _d4032 |
||